000 00995cab a2200337 4500
001 ABS48939
008 090401t1993 xxu||||| |||| 00| 0 eng d
035 _a(Sirsi) u69190
041 _aeng
245 _aFocus`93: M4: Bristol and Bath
260 _c1993
350 _a0
490 _aEstates Gazette
_v(9329) 24 July 1993, 55-77(13)
650 _aAVON
650 _aBoundary disputes
_96221
650 _aCOLONADES
650 _aCRIBBS CAUSEWAY
650 _aDEVELOPMENT CORPORATION
650 _aDISTRIBUTION
650 _aINDUSTRIAL MARKET
650 _aM4 CORRIDOR
650 _aPROPERTY-COMMERCIAL PROPERTY-OFFICE PROPERTY-OFFICE PROPERTY MARKET
650 _aREGIONAL SHOPPING CENTRES
650 _aPROPERTY-COMMERCIAL PROPERTY-RETAIL PROPERTY-RETAIL PROPERTY MARKET
650 _aSOMERSET
650 _aSOUTHWEST ENGLAND
650 _aWEST COUNTRY
690 _aPROPERTY-COMMERCIAL PROPERTY-COMMERCIAL PROPERTY MARKET
942 _n0
948 _c04/03/1997
999 _c43465
_d43465